| 000 | 01412nam a2200229Ia 4500 | ||
|---|---|---|---|
| 999 |
_c36374 _d36374 |
||
| 001 | 2286 | ||
| 003 | GE_BSU | ||
| 005 | 20190501164918.0 | ||
| 008 | 181216s||||||||ge |||||||||||||| ||geo|| | ||
| 040 | _cGE_BSU | ||
| 041 | _ageo | ||
| 080 | _a616–07(075.8) გ–44 | ||
| 100 |
_aგვანცელაძე, ვაჟა _9526 |
||
| 245 |
_aშინაგან სნეულებათა დიაგნოსტიკა და თერაპია : _bთსსუ – ს და სამედ. ინ – ების სტუდენტებისათვის / _cვაჟა გვანცელაძე, გიორგი კალანდარიშვილი; რეცენზენტები: საქ. მედ. მეცნ. აკად. აკადემიკოსი, პროფ. ნ. ემუხვარი, საქ. მედიკო – ბიოლოგიური აკად. აკადემიკოსი, პროფ. რ. თაბუკაშვილი. |
||
| 264 |
_aთბილისი: _b"ზეკარი", _c2010. |
||
| 300 |
_a953გვ.; _b19სმ. |
||
| 653 | _aმედიცინა | ||
| 653 | _aშინაგანი სნეულებანი | ||
| 653 | _aთერაპია | ||
| 700 |
_aკალანდარიშვილი, გიორგი _eავტორი _9527 |
||
| 942 |
_cBK _2udc |
||